000 00565nam a22002057a 4500
003 OSt
005 20180226183153.0
008 150512b xxu||||| |||| 00| 0 eng d
020 _a9780702054693
040 _cDNLM
082 _aWL100 P569m 2012
100 _aeditor Maria,Stokes; Emma Stack
_94614
245 _aPhysical Management for Neurological Conditions
250 _a3rd ed
260 _aLondon;
_bElsevier,
_c2012
300 _axviii,430p;
_bcol.ill:
_c25cm
504 _aAppendices, & index included
650 _aNeurology
_92815
942 _2z
_cO_SHELF
999 _c1751
_d1751